[Event "Mecklenburg VP LL2 Ost 2122"]
[Site "Mecklenburg VP"]
[Date "2021.10.24"]
[Round "1.1"]
[White "Alder, Bodo"]
[Black "Voelschow, Siegfried"]
[Result "0-1"]
[WhiteElo "2002"]
[BlackElo "2088"]
[PlyCount "106"]
[EventDate "2021.10.24"]
[EventType "team-tourn"]
[EventRounds "9"]
[EventCountry "GER"]
[SourceTitle "EXT 2024"]
[Source "ChessBase"]
[SourceDate "2023.10.10"]
[SourceVersion "1"]
[SourceVersionDate "2023.10.10"]
[SourceQuality "1"]
[WhiteTeam "Binz Therme Ruegen"]
[BlackTeam "Waterkant Saal SV"]
[WhiteTeamCountry "GER"]
[BlackTeamCountry "GER"]

1. Nf3 d5 2. e3 c5 3. c4 d4 4. exd4 cxd4 5. d3 Nc6 6. Be2 e5 7. a3 a5 8. Nbd2 f5 9. Nf1 e4 10. Ng1 Nf6 11. Bf4 Bc5 12. Ng3 0-0 13. Nh3 Re8 14. 0-0 Ne5 15. Bg5 Ng6 16. Qc1 Qb6 17. Rb1 a4 18. Qd1 Qd6 19. Nh5 b6 20. N3f4 Nxf4 21. Bxf4 Qe6 22. Ng3 Bb7 23. Re1 g6 24. Bf1 Qf7 25. Qd2 e3 26. Qc2 Ng4 27. fxe3 Nxe3 28. Qf2 Re6 29. h3 Rae8 30. Re2 Qf6 31. Bxe3 dxe3 32. Qe1 f4 33. Ne4 Bxe4 34. dxe4 Rxe4 35. Qd1 Qc6 36. Qc2 Rd4 37. Rd1 Red8 38. Rxd4 Rxd4 39. Kh1 Qd7 40. Kg1 Rd1 41. Qe4 Rd4 42. Qc2 Rd2 43. Qe4 g5 44. Qe5 h6 45. Qe4 Qd4 46. Qg6+ Qg7 47. Qe8+ Qf8 48. Qg6+ Kh8 49. Kh1 f3 50. gxf3 Qxf3+ 51. Kg1 Rxe2 52. Qxh6+ Kg8 53. Qxg5+ Kf7 0-1

[Event "Mecklenburg VP Landesliga Ost 1920"]
[Site "Mecklenburg VP"]
[Date "2020.01.19"]
[Round "5.3"]
[White "Voelschow, Siegfried"]
[Black "Riebort, Frank"]
[Result "1/2-1/2"]
[WhiteElo "2088"]
[BlackElo "2016"]
[PlyCount "167"]
[EventDate "2019.09.29"]
[EventType "team-tourn"]
[EventRounds "9"]
[EventCountry "GER"]
[SourceTitle "EXT 2023"]
[Source "ChessBase"]
[SourceDate "2022.10.05"]
[SourceVersion "1"]
[SourceVersionDate "2022.10.05"]
[SourceQuality "1"]
[WhiteTeam "Saal Waterkant"]
[BlackTeam "Wolgast Motor"]
[WhiteTeamCountry "GER"]
[BlackTeamCountry "GER"]

1. e4 e5 2. Nf3 Nf6 3. Bc4 Nc6 4. Ng5 d5 5. exd5 Nxd5 6. Nxf7 Kxf7 7. Qf3+ Qf6 8. Bxd5+ Ke8 9. d3 Qxf3 10. Bxf3 Nd4 11. Bd1 Bf5 12. Nc3 Bd6 13. 0-0 Rf8 14. Be3 Kd7 15. Ne4 Ne6 16. Bf3 c6 17. Rad1 Nd4 18. Bxd4 exd4 19. Nxd6 Kxd6 20. Rfe1 Rae8 21. Kf1 Be6 22. Re4 c5 23. Rde1 b5 24. Bg4 Bd7 25. Rxe8 Rxe8 26. Bxd7 Rxe1+ 27. Kxe1 Kxd7 28. Ke2 Kd6 29. Kf3 Ke5 30. Kg4 a5 31. f4+ Ke6 32. Kf3 Kd5 33. g4 a4 34. h4 g6 35. h5 gxh5 36. gxh5 h6 37. Kg4 Ke6 38. Kg3 Kf6 39. Kf3 Kf5 40. b3 axb3 41. axb3 b4 42. Kg3 Kf6 43. Kg4 Ke6 44. f5+ Ke5 45. f6 Kxf6 46. Kf4 Ke6 47. Ke4 Kf6 48. Kd5 Kg5 49. Kxc5 Kxh5 50. Kxb4 Kg4 51. Kc5 h5 52. b4 h4 53. b5 h3 54. b6 h2 55. b7 h1Q 56. b8Q Qa1 57. Qg8+ Kf3 58. Qd5+ Ke3 59. Qg5+ Kf3 60. Qd5+ Ke3 61. Qe4+ Kd2 62. Qxd4 Qa5+ 63. Kc6 Kxc2 64. Qc4+ Kd2 65. d4 Qa8+ 66. Kc5 Qc8+ 67. Kb4 Qb7+ 68. Ka3 Qf3+ 69. Kb2 Qb7+ 70. Qb3 Qc7 71. d5 Qc5 72. Ka2 Qa5+ 73. Kb1 Qc5 74. Kb2 Qc1+ 75. Ka2 Qc5 76. Qb2+ Kd3 77. Qe5 Kc4 78. Qe4+ Kb5 79. Kb3 Qd6 80. Qc4+ Kb6 81. Qb4+ Kc7 82. Qa5+ Kd7 83. Qa7+ Kd8 84. Qa8+ 1/2-1/2

[Event "Mecklenburg VP LL2 Ost 1819"]
[Site "Mecklenburg VP"]
[Date "2018.12.16"]
[Round "4.1"]
[White "Sparr, Andreas"]
[Black "Voelschow, Siegfried"]
[Result "1/2-1/2"]
[WhiteElo "1604"]
[BlackElo "1851"]
[PlyCount "82"]
[EventDate "2018.10.21"]
[EventType "team-tourn"]
[EventRounds "9"]
[EventCountry "GER"]
[SourceTitle "EXT 2022"]
[Source "ChessBase"]
[SourceDate "2021.10.06"]
[SourceVersion "1"]
[SourceVersionDate "2021.10.06"]
[SourceQuality "1"]
[WhiteTeam "Stralsund FHSG II"]
[BlackTeam "Waterkant Saal SV"]
[WhiteTeamCountry "GER"]
[BlackTeamCountry "GER"]

1. e4 e5 2. Nf3 Nc6 3. Bc4 Nf6 4. d3 Be7 5. Nc3 d6 6. h3 Be6 7. Bxe6 fxe6 8. 0-0 0-0 9. a3 a6 10. Bd2 Qe8 11. Ng5 Nd8 12. Kh1 h6 13. Nf3 Nh5 14. Ne2 Nf4 15. Nxf4 exf4 16. Nh2 e5 17. Qe2 Qf7 18. Be1 Ne6 19. Nf3 g5 20. Nh2 Nd4 21. Qd1 f3 22. Nxf3 Nxf3 23. Qxf3 Qxf3 24. gxf3 Rxf3 25. Kg2 Raf8 26. Bd2 c6 27. Be3 d5 28. exd5 cxd5 29. Rae1 Kg7 30. Bd4 exd4 31. Rxe7+ R8f7 32. Rxf7+ Rxf7 33. Rc1 Kf6 34. Kg3 Kf5 35. Re1 Rc7 36. Re2 h5 37. f3 Rc6 38. Kg2 Rb6 39. b3 Rc6 40. Kg3 Rc7 41. Kg2 b5 1/2-1/2

[Event "Mecklenburg VP LL2 Ost 1718"]
[Site "Mecklenburg VP"]
[Date "2017.10.08"]
[Round "1.1"]
[White "Voelschow, Siegfried"]
[Black "Schulz, Daniel"]
[Result "1-0"]
[WhiteElo "1874"]
[BlackElo "1764"]
[PlyCount "79"]
[EventDate "2017.10.08"]
[EventType "team-tourn"]
[EventRounds "9"]
[EventCountry "GER"]
[SourceTitle "EXT 2022"]
[Source "ChessBase"]
[SourceDate "2021.10.06"]
[SourceVersion "1"]
[SourceVersionDate "2021.10.06"]
[SourceQuality "1"]
[WhiteTeam "Waterkant Saal SV"]
[BlackTeam "Neubrandenburg SG Eintracht II"]
[WhiteTeamCountry "GER"]
[BlackTeamCountry "GER"]

1. e4 d5 2. exd5 Nf6 3. d4 Nxd5 4. Nf3 Bg4 5. Be2 e6 6. 0-0 Be7 7. c4 Nf6 8. Nc3 0-0 9. h3 Bh5 10. g4 Bg6 11. Ne5 c6 12. Bf3 Nbd7 13. Bg2 Nxe5 14. dxe5 Nd7 15. f4 h6 16. Be3 Bh7 17. Qe2 Qc7 18. Rad1 Rad8 19. Qf2 Nb6 20. c5 Nd5 21. Nxd5 cxd5 22. Bd4 Rfe8 23. f5 Bf8 24. b4 a5 25. b5 exf5 26. gxf5 Rxe5 27. Bxe5 Qxe5 28. Rfe1 Qxf5 29. Qxf5 Bxf5 30. Rxd5 Rxd5 31. Bxd5 Bxc5+ 32. Kg2 b6 33. Re5 Bd3 34. Re8+ Kh7 35. Be4+ Bxe4+ 36. Rxe4 Kg6 37. Rc4 Bb4 38. Rc6+ Kg5 39. Rxb6 f5 40. Rc6 1-0

[Event "Mecklenburg VP LL2 Ost 1617"]
[Site "Mecklenburg VP"]
[Date "2016.10.16"]
[Round "1.1"]
[White "Voelschow, Siegfried"]
[Black "Lange, Jannis"]
[Result "1/2-1/2"]
[WhiteElo "1938"]
[BlackElo "1778"]
[PlyCount "92"]
[EventDate "2016.10.16"]
[EventType "team-tourn"]
[EventRounds "9"]
[EventCountry "GER"]
[SourceTitle "EXT 2022"]
[Source "ChessBase"]
[SourceDate "2021.10.06"]
[SourceVersion "1"]
[SourceVersionDate "2021.10.06"]
[SourceQuality "1"]
[WhiteTeam "Waterkant Saal SV"]
[BlackTeam "Wolgast Motor"]
[WhiteTeamCountry "GER"]
[BlackTeamCountry "GER"]

1. e4 c5 2. c3 d5 3. exd5 Qxd5 4. d4 Nc6 5. Nf3 Bg4 6. Be2 cxd4 7. cxd4 e6 8. 0-0 Nf6 9. Nc3 Qa5 10. a3 Bd6 11. Nb5 Bb8 12. b4 Qd8 13. Bg5 a6 14. Nc3 Qd6 15. g3 Ba7 16. Bxf6 gxf6 17. d5 exd5 18. Qxd5 Rd8 19. Qe4+ Qe6 20. b5 axb5 21. Qxe6+ fxe6 22. Nxb5 Bc5 23. Rfc1 b6 24. Nc7+ Ke7 25. Na6 Bxf3 26. Bxf3 Ne5 27. Be2 Bd4 28. Rc7+ Rd7 29. Rxd7+ Nxd7 30. Rd1 e5 31. Nb4 Rc8 32. Bg4 Rc5 33. Bf3 Kd6 34. Be4 h6 35. Kg2 Rc3 36. Nc2 Nc5 37. Bf5 Nb3 38. f4 Kc5 39. fxe5 fxe5 40. g4 Na5 41. h4 Nc4 42. g5 Rxc2+ 43. Bxc2 Ne3+ 44. Kf3 Nxd1 45. Bxd1 hxg5 46. hxg5 Kd6 1/2-1/2

[Event "Mecklenburg VP LL2 Ost 1415"]
[Site "Mecklenburg VP"]
[Date "2015.03.15"]
[Round "7.1"]
[White "Voelschow, Siegfried"]
[Black "Stoevesand, Eric"]
[Result "1/2-1/2"]
[WhiteElo "1957"]
[BlackElo "1944"]
[PlyCount "30"]
[EventDate "2014.09.21"]
[EventType "team-tourn"]
[EventRounds "9"]
[EventCountry "GER"]
[SourceTitle "EXT 2022"]
[Source "ChessBase"]
[SourceDate "2021.10.06"]
[SourceVersion "1"]
[SourceVersionDate "2021.10.06"]
[SourceQuality "1"]
[WhiteTeam "Waterkant Saal SV"]
[BlackTeam "Neubrandenburg SG Eintracht"]
[WhiteTeamCountry "GER"]
[BlackTeamCountry "GER"]

1. e4 e5 2. Bc4 Nf6 3. Nf3 Nxe4 4. Nc3 Nxc3 5. dxc3 Be7 6. Nxe5 0-0 7. Qh5 Qe8 8. 0-0 d6 9. Nf3 Nd7 10. Re1 Nf6 11. Qh4 d5 12. Bd3 Qd8 13. Bg5 h6 14. Rxe7 hxg5 15. Nxg5 Qxe7 1/2-1/2

[Event "Mecklenburg VP-ch MT"]
[Site "Rostock"]
[Date "2013.05.10"]
[Round "3.6"]
[White "Voelschow, Siegfried"]
[Black "Lehmann, Ruben"]
[Result "1-0"]
[WhiteElo "2086"]
[BlackElo "1987"]
[PlyCount "57"]
[EventDate "2013.05.09"]
[EventType "swiss"]
[EventRounds "7"]
[EventCountry "GER"]
[SourceTitle "EXT 2023"]
[Source "ChessBase"]
[SourceDate "2022.10.05"]
[SourceVersion "1"]
[SourceVersionDate "2022.10.05"]
[SourceQuality "1"]

1. e4 c6 2. Nc3 d5 3. d4 dxe4 4. Nxe4 Nd7 5. Bc4 Ngf6 6. Ng5 e6 7. Qe2 Nb6 8. Bb3 h6 9. N5f3 Nbd5 10. Bd2 c5 11. dxc5 Bxc5 12. Ne5 0-0 13. Ngf3 Qc7 14. g4 Nd7 15. g5 Nxe5 16. Nxe5 hxg5 17. h4 Bd4 18. Nd3 Nf4 19. Bxf4 gxf4 20. 0-0-0 Bf6 21. Rdg1 a5 22. Qe4 e5 23. h5 Kh8 24. Rg6 Qc6 25. Bd5 Qd6 26. h6 fxg6 27. Qxg6 Be6 28. hxg7+ Kg8 29. Rh8# 1-0

[Event "Mecklenburg VP LL2 Ost 1213"]
[Site "Mecklenburg VP"]
[Date "2012.12.09"]
[Round "4.1"]
[White "Voelschow, Siegfried"]
[Black "Schmidt, Peter"]
[Result "0-1"]
[WhiteElo "1969"]
[BlackElo "2063"]
[PlyCount "68"]
[EventDate "2012.10.14"]
[EventType "team-tourn"]
[EventRounds "9"]
[EventCountry "GER"]
[SourceTitle "EXT 2022"]
[Source "ChessBase"]
[SourceDate "2021.10.06"]
[SourceVersion "1"]
[SourceVersionDate "2021.10.06"]
[SourceQuality "1"]
[WhiteTeam "Waterkant Saal SV"]
[BlackTeam "Wolgast Motor"]
[WhiteTeamCountry "GER"]
[BlackTeamCountry "GER"]

1. e4 c6 2. d4 g6 3. Nf3 d5 4. Nc3 Bg7 5. Be2 Bg4 6. Be3 e6 7. Qd2 Nd7 8. h3 Bxf3 9. Bxf3 h5 10. 0-0 Ne7 11. Rfe1 Nf6 12. exd5 cxd5 13. Bg5 0-0 14. g4 hxg4 15. hxg4 Re8 16. Kg2 Nh7 17. Bh6 g5 18. Bxg5 Nxg5 19. Qxg5 Nc6 20. Qxd8 Rexd8 21. Ne2 Nxd4 22. Nxd4 Bxd4 23. c3 Bf6 24. Rad1 Rdc8 25. Kg3 Rab8 26. Bg2 b5 27. a3 a5 28. f4 b4 29. axb4 axb4 30. g5 Bg7 31. g6 bxc3 32. gxf7+ Kxf7 33. f5 c2 34. fxe6+ Ke8 0-1

[Event "Mecklenburg VP LL2 Ost 1213"]
[Site "Mecklenburg VP"]
[Date "2012.11.25"]
[Round "3.1"]
[White "Greinert, Timo"]
[Black "Voelschow, Siegfried"]
[Result "1/2-1/2"]
[WhiteElo "1815"]
[BlackElo "1969"]
[PlyCount "29"]
[EventDate "2012.10.14"]
[EventType "team-tourn"]
[EventRounds "9"]
[EventCountry "GER"]
[SourceTitle "EXT 2022"]
[Source "ChessBase"]
[SourceDate "2021.10.06"]
[SourceVersion "1"]
[SourceVersionDate "2021.10.06"]
[SourceQuality "1"]
[WhiteTeam "Torgelow Droegeheide II"]
[BlackTeam "Waterkant Saal SV"]
[WhiteTeamCountry "GER"]
[BlackTeamCountry "GER"]

1. c4 e5 2. Nc3 Nc6 3. g3 g6 4. Bg2 Bg7 5. e3 h5 6. h4 Nh6 7. Nge2 d6 8. d4 Bg4 9. d5 Ne7 10. Qa4+ Bd7 11. Qc2 f5 12. e4 c6 13. Bg5 Nf7 14. Bxe7 Qxe7 15. 0-0-0 1/2-1/2

[Event "Mecklenburg VP LL2 Ost 1112"]
[Site "Mecklenburg VP"]
[Date "2011.11.20"]
[Round "3.2"]
[White "Voelschow, Siegfried"]
[Black "Schmidt, Peter"]
[Result "1/2-1/2"]
[WhiteElo "1923"]
[BlackElo "2057"]
[PlyCount "81"]
[EventDate "2011.10.02"]
[EventType "team-tourn"]
[EventRounds "9"]
[EventCountry "GER"]
[SourceTitle "EXT 2022"]
[Source "ChessBase"]
[SourceDate "2021.10.06"]
[SourceVersion "1"]
[SourceVersionDate "2021.10.06"]
[SourceQuality "1"]
[WhiteTeam "Waterkant Saal SV"]
[BlackTeam "Wolgast Motor"]
[WhiteTeamCountry "GER"]
[BlackTeamCountry "GER"]

1. e4 g6 2. d4 Bg7 3. Nf3 d6 4. Bc4 Nf6 5. Qe2 Nc6 6. Nc3 e5 7. dxe5 Nxe5 8. Nxe5 dxe5 9. Bg5 c6 10. 0-0 0-0 11. Qf3 h6 12. Be3 Qe7 13. Qg3 Kh7 14. f3 Ne8 15. Qf2 b6 16. Rad1 Nd6 17. Bb3 f5 18. exf5 gxf5 19. f4 Ne4 20. Nxe4 fxe4 21. Qg3 Ba6 22. Rf2 Rad8 23. Rxd8 Rxd8 24. c3 exf4 25. Bxf4 Rd3 26. Be3 Qe6 27. Rf1 Bc4 28. Bc2 Rd5 29. Rf4 Rf5 30. Rxf5 Qxf5 31. Qf4 Qxf4 32. Bxf4 Bd5 33. g3 Kg6 34. Kf2 Kf5 35. Ke3 b5 36. h3 h5 37. Bd1 Kg6 38. g4 hxg4 39. hxg4 Bxa2 40. Kxe4 Bb1+ 41. Ke3 1/2-1/2

[Event "Mecklenburg VP LL2 Ost 1011"]
[Site "Mecklenburg VP"]
[Date "2011.04.10"]
[Round "9.1"]
[White "Henselin, Frank"]
[Black "Voelschow, Siegfried"]
[Result "1/2-1/2"]
[WhiteElo "1575"]
[BlackElo "1908"]
[PlyCount "44"]
[EventDate "2010.10.10"]
[EventType "team-tourn"]
[EventRounds "9"]
[EventCountry "GER"]
[SourceTitle "EXT 2022"]
[Source "ChessBase"]
[SourceDate "2021.10.06"]
[SourceVersion "1"]
[SourceVersionDate "2021.10.06"]
[SourceQuality "1"]
[WhiteTeam "Torgelow Droegeheide II"]
[BlackTeam "Waterkant Saal SV"]
[WhiteTeamCountry "GER"]
[BlackTeamCountry "GER"]

1. e4 e5 2. f4 exf4 3. Nf3 d5 4. exd5 Nf6 5. Bb5+ Bd7 6. Bxd7+ Qxd7 7. 0-0 Nxd5 8. c4 Nb6 9. b3 Nc6 10. d4 0-0-0 11. d5 Bc5+ 12. Kh1 Qg4 13. Bb2 f6 14. Nbd2 Nb4 15. Ne4 Be3 16. a3 N6xd5 17. axb4 Nxb4 18. Qb1 Qe6 19. Nc3 Nd3 20. Nb5 a6 21. Nc3 Nf2+ 22. Kg1 Ne4+ 1/2-1/2

[Event "Mecklenburg VP LL2 Ost 1011"]
[Site "Mecklenburg VP"]
[Date "2010.11.14"]
[Round "3.3"]
[White "Riebort, Frank"]
[Black "Voelschow, Siegfried"]
[Result "1/2-1/2"]
[WhiteElo "2011"]
[BlackElo "1908"]
[PlyCount "29"]
[EventDate "2010.10.10"]
[EventType "team-tourn"]
[EventRounds "9"]
[EventCountry "GER"]
[SourceTitle "EXT 2022"]
[Source "ChessBase"]
[SourceDate "2021.10.06"]
[SourceVersion "1"]
[SourceVersionDate "2021.10.06"]
[SourceQuality "1"]
[WhiteTeam "Wolgast Motor"]
[BlackTeam "Waterkant Saal SV"]
[WhiteTeamCountry "GER"]
[BlackTeamCountry "GER"]

1. d4 Nf6 2. c4 e5 3. dxe5 Ng4 4. Bf4 Nc6 5. Nf3 Bb4+ 6. Nc3 Qe7 7. Qd5 Bxc3+ 8. bxc3 Qa3 9. Qd3 Qc5 10. e3 Ngxe5 11. Nxe5 Nxe5 12. Qd5 Qxd5 13. cxd5 d6 14. Bb5+ Bd7 15. Bxe5 1/2-1/2

[Event "Mecklenburg VP LL2 Ost 1011"]
[Site "Mecklenburg VP"]
[Date "2010.10.10"]
[Round "1.2"]
[White "Goretzki, Norbert"]
[Black "Voelschow, Siegfried"]
[Result "1/2-1/2"]
[WhiteElo "1771"]
[BlackElo "1908"]
[PlyCount "45"]
[EventDate "2010.10.10"]
[EventType "team-tourn"]
[EventRounds "9"]
[EventCountry "GER"]
[SourceTitle "EXT 2022"]
[Source "ChessBase"]
[SourceDate "2021.10.06"]
[SourceVersion "1"]
[SourceVersionDate "2021.10.06"]
[SourceQuality "1"]
[WhiteTeam "Stralsund FHSG II"]
[BlackTeam "Waterkant Saal SV"]
[WhiteTeamCountry "GER"]
[BlackTeamCountry "GER"]

1. d4 Nf6 2. h3 d5 3. Nf3 Bf5 4. e3 e6 5. Bd3 Nbd7 6. 0-0 Ne4 7. Bxe4 Bxe4 8. Nbd2 Bg6 9. c4 c6 10. a3 a5 11. cxd5 exd5 12. Re1 Nf6 13. Ne5 Bd6 14. Nxg6 hxg6 15. e4 dxe4 16. Nxe4 0-0 17. Bg5 Be7 18. Nc3 Nd5 19. Bxe7 Nxe7 20. Qb3 Re8 21. Rad1 Nf5 22. Rxe8+ Qxe8 23. d5 1/2-1/2

[Event "Mecklenburg VP LL2 Ost 0910"]
[Site "Mecklenburg VP"]
[Date "2010.04.11"]
[Round "9.1"]
[White "Voelschow, Siegfried"]
[Black "Ksieski, Zbigniew"]
[Result "0-1"]
[WhiteElo "1922"]
[BlackElo "2282"]
[PlyCount "74"]
[EventDate "2009.10.18"]
[EventType "team-tourn"]
[EventRounds "9"]
[EventCountry "GER"]
[SourceTitle "EXT 2016"]
[Source "ChessBase"]
[SourceDate "2015.10.08"]
[SourceVersion "1"]
[SourceVersionDate "2015.10.08"]
[SourceQuality "1"]
[WhiteTeam "Saal Waterkant"]
[BlackTeam "Gryps SV"]
[WhiteTeamCountry "GER"]
[BlackTeamCountry "GER"]

1. e4 c5 2. c3 d5 3. exd5 Qxd5 4. d4 g6 5. Nf3 Bg7 6. Be3 Nf6 7. Nbd2 cxd4 8. Bc4 Qd6 9. Nxd4 0-0 10. Nb5 Qc6 11. 0-0 a6 12. Na7 Qc7 13. Nxc8 Qxc8 14. Qb3 Nbd7 15. Nf3 b5 16. Be2 Qc7 17. a4 Ng4 18. Bg5 Nde5 19. Nxe5 Qxe5 20. Bxg4 Qxg5 21. Bf3 Rab8 22. axb5 Rxb5 23. Qc2 a5 24. Be2 Rc5 25. Rfd1 h5 26. Rd7 Rb8 27. Rad1 e6 28. h3 h4 29. Ra7 Qf4 30. Rdd7 Be5 31. Bf3 Bc7 32. Kf1 Qh2 33. Bd5 Rxd5 34. Rdxc7 Qh1+ 35. Ke2 Re5+ 36. Kf3 Rf5+ 37. Ke2 Qxg2 0-1

[Event "Mecklenburg VP-ch"]
[Site "Nakenstorf"]
[Date "2010.04.05"]
[Round "9.12"]
[White "Voelschow, Siegfried"]
[Black "Konrad, Andreas"]
[Result "0-1"]
[WhiteElo "2113"]
[BlackElo "1734"]
[PlyCount "62"]
[EventDate "2010.04.01"]
[EventType "swiss"]
[EventRounds "9"]
[EventCountry "GER"]
[SourceTitle "EXT 2022"]
[Source "ChessBase"]
[SourceDate "2021.10.06"]
[SourceVersion "1"]
[SourceVersionDate "2021.10.06"]
[SourceQuality "1"]

1. e4 c6 2. Nc3 d6 3. d4 g6 4. Be3 Bg7 5. Qd2 Nf6 6. f3 Qa5 7. h4 h5 8. Be2 Na6 9. Nh3 Bd7 10. Nf2 0-0-0 11. 0-0-0 b5 12. Qd3 Kb7 13. a3 Rc8 14. e5 Bf5 15. Qd2 dxe5 16. dxe5 Rhd8 17. Bd4 Nd5 18. f4 Nxc3 19. Qxc3 Qa4 20. Bf3 Bxc2 21. Rd2 Bb3 22. Ne4 b4 23. Nc5+ Nxc5 24. Qxc5 bxa3 25. bxa3 e6 26. Qe7+ Kb8 27. Qc5 Bf8 28. Qc3 Bxa3+ 29. Kb1 Bb4 30. Bxc6 Rxc6 31. Qf3 Bxd2 0-1

[Event "Mecklenburg VP LL2 Ost 0910"]
[Site "Mecklenburg VP"]
[Date "2010.03.28"]
[Round "6.1"]
[White "Hochgraefe, Hans Juergen"]
[Black "Voelschow, Siegfried"]
[Result "1/2-1/2"]
[WhiteElo "1889"]
[BlackElo "1922"]
[PlyCount "23"]
[EventDate "2009.10.18"]
[EventType "team-tourn"]
[EventRounds "9"]
[EventCountry "GER"]
[SourceTitle "EXT 2016"]
[Source "ChessBase"]
[SourceDate "2015.10.08"]
[SourceVersion "1"]
[SourceVersionDate "2015.10.08"]
[SourceQuality "1"]
[WhiteTeam "Saal Waterkant"]
[BlackTeam "Rostock SSC 07 III"]
[WhiteTeamCountry "GER"]
[BlackTeamCountry "GER"]

1. d4 Nf6 2. Nf3 d5 3. Bg5 Ne4 4. Bf4 e6 5. Nbd2 b6 6. e3 Bb7 7. Bd3 Nd7 8. c3 Bd6 9. Ne5 0-0 10. Nxd7 Qxd7 11. Bxd6 Qxd6 12. Qc2 1/2-1/2

[Event "Mecklenburg VP LL2 Ost 0910"]
[Site "Mecklenburg VP"]
[Date "2010.03.21"]
[Round "8.1"]
[White "Schmidt, Peter2222"]
[Black "Voelschow, Siegfried"]
[Result "1-0"]
[WhiteElo "2067"]
[BlackElo "1922"]
[PlyCount "79"]
[EventDate "2009.10.18"]
[EventType "team-tourn"]
[EventRounds "9"]
[EventCountry "GER"]
[SourceTitle "EXT 2016"]
[Source "ChessBase"]
[SourceDate "2015.10.08"]
[SourceVersion "1"]
[SourceVersionDate "2015.10.08"]
[SourceQuality "1"]
[WhiteTeam "Wolgast Motor"]
[BlackTeam "Saal Waterkant"]
[WhiteTeamCountry "GER"]
[BlackTeamCountry "GER"]

1. Nf3 Nc6 2. b3 e5 3. e3 e4 4. Nd4 Nxd4 5. exd4 d5 6. d3 Nf6 7. Be2 Bd6 8. c4 c6 9. 0-0 Bf5 10. Nc3 0-0 11. Bg5 exd3 12. Bxd3 Bxd3 13. Qxd3 Bxh2+ 14. Kxh2 Ng4+ 15. Kg3 Qxg5 16. f4 Ne5+ 17. fxg5 Nxd3 18. cxd5 Nb4 19. dxc6 bxc6 20. Ne2 Rfe8 21. Kf3 Re7 22. a3 Nd5 23. Rfc1 Re3+ 24. Kf2 Rxb3 25. Rxc6 Re8 26. Ra2 Ne3 27. g3 g6 28. Rc7 Rb5 29. Rc5 Rb3 30. a4 Rb1 31. Nc1 Rb4 32. Re2 Ng4+ 33. Kf3 Rxe2 34. Nxe2 h5 35. gxh6 Nxh6 36. a5 Nf5 37. Ke4 Rb3 38. Rc3 Rb2 39. Nf4 Ra2 40. g4 1-0

[Event "Mecklenburg VP LL2 Ost 0910"]
[Site "Mecklenburg VP"]
[Date "2010.02.28"]
[Round "7.1"]
[White "Voelschow, Siegfried"]
[Black "Schumacher, Albrecht"]
[Result "1-0"]
[WhiteElo "1922"]
[BlackElo "2016"]
[PlyCount "57"]
[EventDate "2009.10.18"]
[EventType "team-tourn"]
[EventRounds "9"]
[EventCountry "GER"]
[SourceTitle "EXT 2016"]
[Source "ChessBase"]
[SourceDate "2015.10.08"]
[SourceVersion "1"]
[SourceVersionDate "2015.10.08"]
[SourceQuality "1"]
[WhiteTeam "Saal Waterkant"]
[BlackTeam "Waren"]
[WhiteTeamCountry "GER"]
[BlackTeamCountry "GER"]

1. e4 d6 2. d4 Nf6 3. Nc3 g6 4. Be3 Bg7 5. Qd2 c6 6. Bh6 0-0 7. f3 b5 8. h4 e5 9. Bxg7 Kxg7 10. g4 h5 11. g5 Nfd7 12. f4 exf4 13. Qxf4 Qe7 14. 0-0-0 f6 15. gxf6+ Nxf6 16. Qg5 b4 17. e5 dxe5 18. Bd3 Qf7 19. Rf1 bxc3 20. dxe5 Nbd7 21. exf6+ Nxf6 22. bxc3 Qe8 23. Ne2 Bg4 24. Ng3 Rd8 25. Re1 Qf7 26. Rhf1 Rxd3 27. cxd3 Qxa2 28. Re7+ Rf7 29. Qxf6+ 1-0

[Event "Mecklenburg VP LL2 Ost 0910"]
[Site "Mecklenburg VP"]
[Date "2010.01.24"]
[Round "5.1"]
[White "Voelschow, Siegfried"]
[Black "Schmidt, Reinhard"]
[Result "1-0"]
[WhiteElo "1922"]
[BlackElo "1823"]
[PlyCount "45"]
[EventDate "2009.10.18"]
[EventType "team-tourn"]
[EventRounds "9"]
[EventCountry "GER"]
[SourceTitle "EXT 2016"]
[Source "ChessBase"]
[SourceDate "2015.10.08"]
[SourceVersion "1"]
[SourceVersionDate "2015.10.08"]
[SourceQuality "1"]
[WhiteTeam "Saal Waterkant"]
[BlackTeam "Warnemuende SF Ostsee II"]
[WhiteTeamCountry "GER"]
[BlackTeamCountry "GER"]

1. e4 c5 2. c3 b6 3. d4 Bb7 4. Bd3 d6 5. Nf3 Nd7 6. 0-0 e5 7. Na3 Ngf6 8. Qe2 Be7 9. Rd1 0-0 10. dxe5 dxe5 11. Bg5 Ng4 12. Bb5 Bxg5 13. Rxd7 Qf6 14. Rxb7 Bf4 15. h3 Nxf2 16. Qxf2 Qh6 17. Qh4 Qg6 18. Qe1 f5 19. Bc4+ Kh8 20. Bd5 Rad8 21. exf5 Qxf5 22. Be4 Qf6 23. Nc4 1-0

[Event "Mecklenburg VP LL2 Ost 0910"]
[Site "Mecklenburg VP"]
[Date "2009.11.15"]
[Round "2.1"]
[White "Voelschow, Siegfried"]
[Black "Dettmann, Gerd"]
[Result "1/2-1/2"]
[WhiteElo "1922"]
[BlackElo "2095"]
[PlyCount "75"]
[EventDate "2009.10.18"]
[EventType "team-tourn"]
[EventRounds "9"]
[EventCountry "GER"]
[SourceTitle "EXT 2016"]
[Source "ChessBase"]
[SourceDate "2015.10.08"]
[SourceVersion "1"]
[SourceVersionDate "2015.10.08"]
[SourceQuality "1"]
[WhiteTeam "Saal Waterkant"]
[BlackTeam "Guestrow/Teterow"]
[WhiteTeamCountry "GER"]
[BlackTeamCountry "GER"]

1. e4 e6 2. d4 d5 3. Nc3 Bb4 4. exd5 exd5 5. Bd3 Nf6 6. Bg5 0-0 7. Qf3 Qe8+ 8. Nge2 Bg4 9. Qe3 Qxe3 10. Bxe3 Re8 11. h3 Bxe2 12. Kxe2 Nbd7 13. Kf3 c6 14. Ne2 Ne4 15. c4 Nef6 16. g4 dxc4 17. Bxc4 Nb6 18. Bb3 Nfd5 19. Ng3 Re6 20. a3 Bf8 21. Rhe1 Rae8 22. Bd2 g6 23. Rxe6 Rxe6 24. Ne4 Bg7 25. Bc3 Re7 26. Rd1 h6 27. Ba5 Nd7 28. Bc3 N7f6 29. Re1 Nxe4 30. Rxe4 Rxe4 31. Kxe4 Nf6+ 32. Kd3 Kf8 33. Bb4+ Ke8 34. Bd6 Nd5 35. Bb8 a6 36. Ke4 Nf6+ 37. Kd3 Nd5 38. Ke4 1/2-1/2